El barrio como unidad operativa para el desarrollo local

Uloženo v:
Podrobná bibliografie
Hlavní autoři: Gallastegui Vega, Joaquín (Autor), Galea Alarcón, Juan (Autor)
Médium: Kniha
Jazyk:španělština
Vydáno: Buenos Aires Grupo Editorial Lumen SRL 2008
Vydání:1a. ed
Témata:
Tagy: Přidat tag
Žádné tagy, Buďte první, kdo vytvoří štítek k tomuto záznamu!

MARC

LEADER 00000cam a2200000 a 4500
001 UCF7853
003 CL-VaPUC
008 130711e20080000AG |||||||||||||||||spa|d
020 |a 9789870007616 
082 0 4 |a 307.76  |b GAL  |2 21 
100 |a Gallastegui Vega, Joaquín  |e author  |9 589726 
700 0 |a Galea Alarcón, Juan  |e author  |9 569973 
245 1 3 |a El barrio como unidad operativa para el desarrollo local 
250 |a 1a. ed 
300 |a 123 p 
942 |c BK 
945 |d 20130711 00:00:00  |a dcastane 
260 |a Buenos Aires  |b Grupo Editorial Lumen SRL  |c 2008 
650 0 |a Sociología urbana  |9 268099 
650 0 |a Urbanismo  |9 255208 
650 0 |a Espacios públicos  |9 468964 
583 |a last modification  |c 20130711 11:26:00  |k Rodrigo Vera 
999 |c 352606  |d 352604 
952 |0 0  |1 0  |4 0  |6 307_760000000000000_GAL_2008  |7 0  |8 A  |9 457196  |a BIBGIM  |b BIBGIM  |d 2019-11-22  |i 4988353  |l 1  |o 307.76 GAL 2008  |p 4988353  |r 2025-01-15  |s 2023-04-11  |w 2019-11-22  |y BK  |k SSL 
952 |0 0  |1 0  |3 erb  |4 0  |6 307_760000000000000_GAL_2008  |7 0  |8 A  |9 457197  |a BIBING  |b BIBING  |i 5190754  |o 307.76 GAL 2008  |p 5190754  |r 2025-01-20  |w 2019-11-22  |y BK  |z Catalogado en:20150728  |k GEO